|
|
|
|
| LEADER |
01730nam a2200337 a 4500 |
| 001 |
32321 |
| 003 |
BD-DhAAL |
| 005 |
20171115112347.0 |
| 008 |
171115s2011 enka b 001 0 eng |
| 999 |
|
|
|c 38578
|d 38578
|
| 010 |
|
|
|a 2011012034
|
| 020 |
|
|
|a 9780813820743
|
| 020 |
|
|
|a 081382074X
|
| 040 |
|
|
|a DNAL/DLC
|c DLC
|d DLC
|d BD-DhAAL
|
| 050 |
0 |
0 |
|a TA419
|b .S423 2011
|
| 070 |
0 |
|
|a TA419
|b .S36 2011
|
| 082 |
0 |
0 |
|a 674
|2 22
|
| 100 |
1 |
|
|a Shmulsky, Rubin.
|9 23774
|
| 245 |
1 |
0 |
|a Forest products and wood science :
|b an introduction /
|c Rubin Shmulsky, P. David Jones ; drawings by Karen Lilley.
|
| 250 |
|
|
|a Sixth edition
|
| 260 |
|
|
|a Chichester, West Sussex ;
|a Ames, Iowa :
|b Wiley-Blackwell,
|c 2011 [reprint 2016]
|
| 300 |
|
|
|a xvii, 477 pages :
|b illustrations ;
|c 26 cm.
|
| 504 |
|
|
|a Includes bibliographical references and index.
|
| 505 |
0 |
|
|a Tree growth and production of woody tissue -- Macroscopic character of wood -- Composition and structure of wood cells -- Softwood structure -- Hardwood structure -- Juvenile wood, reaction wood, and wood of branches -- Wood and water -- Density and specific gravity -- Strength and mechanics -- Durability and protection -- Silvicultural practices and wood quality -- Lumber -- Structural composites -- Nonstructural composites -- Pulp and paper -- Energy and chemical products -- Global raw materials.
|
| 526 |
|
|
|a MNS
|
| 541 |
|
|
|a STS International
|e 32321
|
| 650 |
|
0 |
|a Wood.
|9 23775
|
| 650 |
|
0 |
|a Lumber.
|9 23776
|
| 700 |
1 |
|
|a Jones, P. David
|q (Paul David),
|d 1976-
|9 23777
|
| 942 |
|
|
|2 ddc
|c BK
|
| 952 |
|
|
|0 0
|1 0
|2 ddc
|4 0
|6 674_000000000000000_SHM
|7 0
|9 61870
|a BRACUL
|b BRACUL
|c GEN
|d 2017-11-14
|e STS International
|g 1750.00
|l 0
|o 674 SHM
|p 3010032321
|r 2017-11-14
|t 1
|v 1750.00
|w 2017-11-14
|y BK
|